Krajské a okresné školstvo v číslach

Bibliographic Details
Format: Article
Language:Slovak
PhysicalDescription:Tab.
Subjects:

MARC

LEADER 00000nab a2200000 a 4500
001 vtls000725263
003 SK-MaSNL
005 20260302195738.0
008 140302c2000 xo 0 slo
015 |a SNBRB2000/06-15362 
035 |a CLN000077426 
040 |a SNKBUCL  |b slo  |c SNKBUCL  |e AACR2 
041 0 |a slo 
044 |a xo  |c SK 
080 |a 37.014.54(437.6)  |2 1997 
245 0 0 |a Krajské a okresné školstvo v číslach 
300 |b Tab. 
650 0 7 |a školstvo  |x financovanie  |z Slovensko  |2 snkbucl  |9 850955 
650 0 7 |a školstvo krajské  |x školstvo okresné  |x rozpočet štátny  |2 snkbucl  |9 917716 
655 7 |a články z novín a časopisov  |2 snkbucl  |9 267496 
773 0 |t Učiteľské noviny  |g Roč. 50, č. 21 (2000), s. 5-8 
850 |a Slovenská národná knižnica v Martine 
852 |a SNK  |b KIS3GCP 
958 |a SK 
992 |a RBX 
999 |c 1453813  |d 1455743